[Event "AUTO-OPEN-2140"]
[Site "http://www.queenalice.com/game.php?id=848923"]
[Date "2010.10.21"]
[Round "1"]
[White "glailton"]
[Black "bruno_borges"]
[Result "0-1"]
[WhiteElo "1354"]
[BlackElo "1969"]

1. e4 e5 2. Nf3 Nc6 3. Bc4 Bc5 4. d3 h6 5. Nc3 Nf6 6. O-O d6 7. a3 Bg4 8. h3
Bxf3 9. Qxf3 Nd4 10. Qd1 Qd7 11. Nd5 O-O-O 12. Nxf6 gxf6 13. Be3 Rdg8 14. c3
Qxh3 15. g3 Ne6 16. Bxe6+ fxe6 17. Bxc5 dxc5 18. d4 h5 19. Re1 h4 20. Re3 hxg3
21. Qf3 gxf2+ 22. Kxf2 Qh2+ 23. Ke1 Rg1+ 0-1

[Event "AUTO-OPEN-2140"]
[Site "http://www.queenalice.com/game.php?id=848924"]
[Date "2010.10.21"]
[Round "1"]
[White "bruno_borges"]
[Black "glailton"]
[Result "1-0"]
[WhiteElo "2003"]
[BlackElo "1392"]

1. e4 e5 2. Nf3 Nc6 3. Bb5 Nd4 4. Nxd4 exd4 5. O-O c6 6. Ba4 Bc5 7. Bb3 Qf6 8.
d3 Nh6 9. Qh5 Be7 10. Nd2 O-O 11. f4 d6 12. f5 b5 13. Nf3 a5 14. a4 b4 15. Bxh6
Qxh6 16. Qxh6 gxh6 17. Nxd4 c5 18. Nc6 Bg5 19. Bd5 Ra6 20. c3 Bb7 21. Ne7+ Bxe7
22. Bxb7 Rb6 23. Bd5 bxc3 24. bxc3 Bf6 25. Rac1 Rb2 26. Rb1 Rc2 27. c4 Rd2 28.
Rb3 Bd4+ 29. Kh1 Kg7 30. Rb6 Rxd3 31. Rxd6 Rb3 32. Ra6 Rfb8 33. g3 Rd3 34. Rxa5
Rb2 35. Rb5 Rc2 36. e5 Rdd2 37. f6+ Kg6 38. Be4+ Kg5 39. Bxc2 Rxc2 40. e6 fxe6
41. f7 Bg7 42. Rxc5+ Kg6 43. f8=Q Bxf8 44. Rxf8 Kg7 45. Rf1 Ra2 46. Rc7+ Kg6 47.
c5 Rxa4 48. c6 Rc4 49. Rc8 e5 50. c7 1-0

[Event "AUTO-OPEN-2140"]
[Site "http://www.queenalice.com/game.php?id=848925"]
[Date "2010.10.21"]
[Round "1"]
[White "glailton"]
[Black "dadge"]
[Result "0-1"]
[WhiteElo "1394"]
[BlackElo "2093"]

1. e4 c5 2. Nf3 Nc6 3. Bc4 d6 4. Nc3 Nf6 5. O-O g6 6. d4 cxd4 7. Nxd4 Bg7 8.
Nxc6 bxc6 9. Re1 O-O 10. e5 dxe5 11. Rxe5 Ng4 12. Re2 Bxc3 13. Qxd8 Rxd8 14. Bg5
Bf6 15. Bf4 e5 16. Bg3 Re8 17. f3 Nh6 18. Bd3 Bf5 19. Bxf5 Nxf5 20. Bf2 Nd4 21.
Bxd4 exd4 22. Rxe8+ Rxe8 23. Rc1 c5 24. Kf2 Bg5 25. Re1 Rxe1 26. Kxe1 Bc1 27. b3
Bb2 28. Kd2 Kf8 29. Kd3 f5 30. Kc4 Ba3 31. Kb5 Ke7 32. Ka6 Kd6 33. Kxa7 g5 34.
Ka6 h5 35. Ka5 g4 36. f4 Bb4+ 37. Kb5 Ba3 38. Ka4 Bc1 39. g3 h4 40. a3 hxg3 41.
hxg3 Bxf4 42. gxf4 g3 43. b4 g2 44. bxc5+ Kxc5 0-1

[Event "AUTO-OPEN-2140"]
[Site "http://www.queenalice.com/game.php?id=848926"]
[Date "2010.10.21"]
[Round "1"]
[White "dadge"]
[Black "glailton"]
[Result "1-0"]
[WhiteElo "2103"]
[BlackElo "1360"]

1. e4 e5 2. f4 exf4 3. Nf3 Nc6 4. d4 Qe7 5. Nc3 Nf6 6. e5 Ng4 7. Bxf4 d6 8. Nd5
Qd8 9. h3 Nh6 10. Qe2 dxe5 11. Bxh6 gxh6 12. c4 Bb4+ 13. Nxb4 f6 14. Nxc6 bxc6
15. O-O-O Be6 16. dxe5 Qe7 17. exf6 Qxf6 18. Qe5 Qxe5 19. Nxe5 c5 20. Be2 O-O
21. Rhf1 Rfe8 22. Bh5 Rf8 23. b3 Rf5 24. Rxf5 Bxf5 25. Bf7+ Kg7 26. g4 Bg6 27.
Rd7 Bxf7 28. Rxf7+ Kg8 29. Rxc7 Re8 30. Rxc5 Rf8 31. h4 Kg7 32. Rc7+ Kg8 33.
Rxa7 Re8 34. Ra5 1-0

[Event "Challenge"]
[Site "http://www.queenalice.com/game.php?id=860815"]
[Date "2010.11.19"]
[Round "-"]
[White "marcito"]
[Black "glailton"]
[Result "0-1"]
[WhiteElo "1516"]
[BlackElo "1440"]

1. d4 Nf6 2. Nf3 e6 3. e3 d5 4. Bd3 Nc6 5. c3 Bd6 6. Nbd2 O-O 7. O-O Qe7 8. Rb1
e5 9. dxe5 Bxe5 10. c4 dxc4 11. Bxc4 Bg4 12. Qc2 Nb4 13. Qa4 a6 14. a3 Nc6 15.
h3 Bh5 16. Qc2 b5 17. Ba2 Bg6 18. e4 Nd4 19. Nxd4 Bxd4 20. Nf3 Bb6 21. Ng5 h6
22. Kh1 Nxe4 23. Nxf7 Rxf7 24. Qc6 Nxf2+ 25. Rxf2 Bxf2 26. Qxa8+ Kh7 27. Bd2
Bxb1 28. Bxb1+ g6 29. Ba2 Rf8 30. Qd5 Bg3 31. Kg1 Qe2 32. Qd7+ Kh8 33. Bc3+ Be5
0-1

[Event "Challenge"]
[Site "http://www.queenalice.com/game.php?id=861923"]
[Date "2010.11.21"]
[Round "-"]
[White "SunKite"]
[Black "glailton"]
[Result "0-1"]
[WhiteElo "1356"]
[BlackElo "1388"]

1. e4 e5 2. Bc4 Nf6 3. g4 Nxe4 4. Qf3 Nd6 5. Bb3 Qe7 6. c4 Nc6 7. c5 Nd4 8. Qe3
N6b5 9. a4 Nxb3 10. Qxb3 Nd4 11. Qc4 Qxc5 12. Qxc5 Bxc5 13. Kd1 d6 14. Ne2 Bxg4
15. Nc3 Bb4 16. Rg1 f5 17. d3 Bxc3 18. bxc3 Nxe2 19. f3 Nxg1 20. fxg4 fxg4 21.
Be3 Nf3 22. Bf2 Nxh2 23. Rb1 b6 24. Kc2 O-O 25. Bg3 Nf3 26. Rd1 c5 27. Rf1 Ng5
28. Bh4 Rxf1 29. Bxg5 g3 30. Be7 d5 31. Bh4 g2 32. c4 dxc4 33. dxc4 g1=Q 34. Kc3
Qd4+ 35. Kb3 Rb1+ 36. Kc2 Qb2+ 37. Kd3 Rd1+ 0-1

[Event "AUTO-OPEN-2225"]
[Site "http://www.queenalice.com/game.php?id=884071"]
[Date "2011.1.10"]
[Round "1"]
[White "FranciscoJavier"]
[Black "glailton"]
[Result "1-0"]
[WhiteElo "2150"]
[BlackElo "1459"]

1. d4 Nf6 2. c4 d6 3. Nc3 Bf5 4. f3 e5 5. e4 exd4 6. Qxd4 Bg6 7. Be3 Nc6 8. Qd2
Be7 9. Nh3 O-O 10. Be2 a6 11. O-O Na5 12. Nf4 Bh5 13. Nxh5 Nxh5 14. Qd5 Ng3 15.
hxg3 Nc6 16. Rad1 Rb8 17. Qf5 Bf6 18. c5 1-0

[Event "AUTO-OPEN-2225"]
[Site "http://www.queenalice.com/game.php?id=884072"]
[Date "2011.1.10"]
[Round "1"]
[White "glailton"]
[Black "FranciscoJavier"]
[Result "0-1"]
[WhiteElo "1459"]
[BlackElo "2150"]

1. e4 c6 2. Nf3 d5 3. exd5 cxd5 4. Bb5+ Bd7 5. Qe2 e6 6. Ne5 Qc7 7. d4 Bxb5 8.
Qe3 Qxc2 9. Qd2 Qe4+ 10. Kd1 Nc6 11. Nxc6 Qxg2 12. Re1 Bxc6 13. f4 Qg6 14. a3
Ba4+ 15. Ke2 Qg2+ 16. Kd3 Qh3+ 17. Ke2 Nf6 0-1

[Event "AUTO-OPEN-2225"]
[Site "http://www.queenalice.com/game.php?id=884101"]
[Date "2011.1.10"]
[Round "1"]
[White "glailton"]
[Black "chessman"]
[Result "0-1"]
[WhiteElo "1457"]
[BlackElo "2058"]

1. e4 e6 2. e5 d5 3. d4 c5 4. dxc5 Bxc5 5. Bb5+ Bd7 6. Qd3 Ne7 7. Nc3 Ng6 8. Nf3
Nc6 9. Na4 Be7 10. O-O Ngxe5 11. Nxe5 Nxe5 12. Qe2 Ng6 13. Bxd7+ Qxd7 14. b3 Bf6
15. Bb2 Bxb2 16. Nxb2 Rc8 17. Rad1 O-O 18. c4 Qc6 19. Rc1 Qd6 20. Rfd1 Qa6 21.
a4 dxc4 22. Rxc4 Rxc4 23. Qxc4 Qb6 24. Nd3 Rd8 25. Kf1 Ne5 26. Qc3 Nxd3 27. Rxd3
Qa6 28. Ke2 Qxd3+ 0-1

[Event "AUTO-OPEN-2225"]
[Site "http://www.queenalice.com/game.php?id=884102"]
[Date "2011.1.10"]
[Round "1"]
[White "chessman"]
[Black "glailton"]
[Result "1-0"]
[WhiteElo "2056"]
[BlackElo "1459"]

1. e4 c5 2. Nf3 d6 3. d4 cxd4 4. Nxd4 e5 5. Bb5+ Bd7 6. Bxd7+ Nxd7 7. Nf5 Ngf6
8. Nxd6+ Bxd6 9. Qxd6 Nxe4 10. Qb4 Qh4 11. O-O a5 12. Qxb7 Rb8 13. Qd5 Nef6 14.
Qf3 e4 15. Qg3 Qxg3 16. hxg3 O-O 17. Nc3 Ne5 18. b3 Rfc8 19. Bb2 Neg4 20. Rac1
e3 21. fxe3 Nxe3 22. Rf3 Ned5 23. Nxd5 Nxd5 24. c4 Nb4 25. a3 Nc6 26. Re3 Re8
27. Rce1 g6 28. Rxe8+ 1-0

[Event "AUTO-INT-2727"]
[Site "http://www.queenalice.com/game.php?id=1220013"]
[Date "2013.9.26"]
[Round "1"]
[White "glailton"]
[Black "daniel0176"]
[Result "0-1"]
[WhiteElo "1456"]
[BlackElo "1688"]

1. e4 e5 2. Nf3 d6 3. h3 Nf6 4. Nc3 Be7 5. Bc4 O-O 6. d3 a6 7. O-O b5 8. Bb3 c6
9. d4 a5 10. dxe5 a4 11. exf6 Bxf6 12. Bxf7+ Rxf7 13. Ne2 a3 14. Rb1 axb2 15.
Bxb2 Bxb2 16. Rxb2 Qf6 17. Rb3 Qg6 0-1

[Event "AUTO-INT-2727"]
[Site "http://www.queenalice.com/game.php?id=1220014"]
[Date "2013.9.26"]
[Round "1"]
[White "daniel0176"]
[Black "glailton"]
[Result "1-0"]
[WhiteElo "1681"]
[BlackElo "1463"]

1. e4 e5 2. Nf3 Nc6 3. Bb5 Nge7 4. O-O a6 5. Bc4 d5 6. exd5 Nxd5 7. Re1 Qd6 8.
b3 Be7 9. d4 exd4 10. a4 O-O 11. Qd3 Ndb4 12. Qe4 g6 13. c3 dxc3 14. Nxc3 Bf6
15. Bf4 Qe7 16. Qb1 Be6 17. Qc1 Rfd8 18. Bxe6 1-0

[Event "AUTO-INT-2727"]
[Site "http://www.queenalice.com/game.php?id=1220017"]
[Date "2013.9.26"]
[Round "1"]
[White "glailton"]
[Black "oldfool"]
[Result "1-0"]
[WhiteElo "1455"]
[BlackElo "1381"]

1. e4 e5 2. Nf3 Qf6 3. Bc4 Qg6 4. O-O Qxe4 5. d3 Qf5 6. Qe2 Nc6 7. Nc3 Nge7 8.
Nb5 Kd8 9. b3 a6 10. Nc3 b5 11. Bd5 Nxd5 12. Nxd5 Ne7 13. Ne3 Qf6 14. Bb2 c6 15.
Ng4 Qf4 16. Ngxe5 d6 17. g3 Qf5 18. Nd4 Qe6 19. Nxe6+ fxe6 20. Nf7+ Kd7 21. Nxh8
1-0

[Event "AUTO-INT-2727"]
[Site "http://www.queenalice.com/game.php?id=1220018"]
[Date "2013.9.26"]
[Round "1"]
[White "oldfool"]
[Black "glailton"]
[Result "1-0"]
[WhiteElo "1405"]
[BlackElo "1441"]

1. d4 d5 2. b3 Nf6 3. Bb2 e6 4. e3 a6 5. Bd3 Bd6 6. Nf3 Nc6 7. O-O Qe7 8. c4
dxc4 9. bxc4 Bb4 10. a3 Ba5 11. Bc3 Bxc3 12. Nxc3 Bd7 13. d5 exd5 14. Nxd5 Nxd5
15. cxd5 Ne5 16. Be4 Bb5 17. Re1 Nc4 18. Bd3 Nxa3 19. Bxb5+ Nxb5 20. e4 O-O 21.
e5 Rad8 22. Rc1 f6 23. Qb3 Kh8 24. Nh4 fxe5 25. Qc4 Qxh4 26. Qxh4 1-0

[Event "AUTO-OPEN-3088"]
[Site "http://www.queenalice.com/game.php?id=1220065"]
[Date "2013.9.26"]
[Round "1"]
[White "glailton"]
[Black "goldenboy"]
[Result "0-1"]
[WhiteElo "1449"]
[BlackElo "2107"]

1. e4 e5 2. Nf3 Nc6 3. Bc4 Bc5 4. d3 Nf6 5. Ng5 O-O 6. Nc3 h6 7. Nf3 d6 8. h3
Be6 9. Bxe6 fxe6 10. O-O Qe8 11. Na4 Bd4 12. c3 Bb6 13. Nxb6 axb6 14. b4 Nh5 15.
Nd2 Qg6 16. Nc4 Nf4 17. Bxf4 exf4 18. Qe1 f3 19. g3 Rf4 20. Kh2 Rh4 21. Qe3 Rf8
22. g4 Qxg4 0-1

[Event "AUTO-OPEN-3088"]
[Site "http://www.queenalice.com/game.php?id=1220066"]
[Date "2013.9.26"]
[Round "1"]
[White "goldenboy"]
[Black "glailton"]
[Result "1-0"]
[WhiteElo "2108"]
[BlackElo "1447"]

1. e4 e5 2. f4 exf4 3. Nf3 Qe7 4. Nc3 d6 5. Bc4 Bg4 6. d4 Nf6 7. Qe2 Nc6 8. Bb5
Bd7 9. Bxf4 a6 10. Ba4 O-O-O 11. Bg5 h6 12. Nd5 Qe6 13. Nxf6 gxf6 14. d5 Nd4 15.
dxe6 Nxe2 16. exd7+ Kb8 17. Bxf6 Nf4 18. Bxd8 Bg7 19. Be7 Ne6 20. O-O-O 1-0